000 nam a22 7a 4500
999 _c8131
_d8131
008 171129b xxu||||| |||| 00| 0 eng d
020 _a9788170632405
100 _aShaida B D
_94571
245 _aA textbook on Health and Physical Education
260 _aNew Delhi
_bArya Book Publication
_c2005